00459nam a2200145Ia 4500008004100000020001800041041000800059082001800067100005700085245009400142250000600236260003300242300001300275650002500288210716s2012 xx 000 0 und d a9788126528028 aeng a005.3682 TAYR aTaylor, Richard N;Medvidovic, Nenad;Dashofy, Eric M. aSoftware architecture: foundations theory and practice.bFoundations theory and practice. a1 aNew DelhibWiley Indiac2012 axxiv,712 aSoftware Engineering